00907nam a2200193 a 450000100100000000500170001000800410002704000250006808200160009310000380010924501850014726000630033230000200039570000420041504900090045795201130046695201190057999900150069800000869820200929161406.0090918s1980 dr 000 0 spa d aDO-SdBNPbspacBNPHU axxxxbC744c1 aConcepción, J. Agustín92253910aCorografía dominicana :b(breve descripción de las principales ciudades del país) /cJ. Agustín Concepción ; composición y diagramación Nieves Rodríguez de Polanco. aLa Vega, República Dominicana :bAmigo del Hogar,c1980. a77 p. ;c22 cm.1 aRodríguez de Polanco, Nieves923157 aBNPD 0010718PDaPDbPDcCTd2009-09-18iLF1l0oxxxx C744cp8698-10r2020-06-25w2020-06-25yLFPDZNo se presta 0010718PDaPDbPDcCTd2010-04-13iLF1l0oxxxx C744cp8698-20r2020-06-25te. 2w2020-06-25yLFPDZNo se presta c8468d8468